Facultad de Derecho – Universidad Nacional de Mar del Plata

Doce lecciones sobre europa / (Record no. 2574)

MARC details
000 -LEADER
fixed length control field 00652nam a22002175a 4500
001 - CONTROL NUMBER
control field 002685
003 - CONTROL NUMBER IDENTIFIER
control field armpunfd
005 - DATE AND TIME OF LATEST TRANSACTION
control field 20140612090712.0
008 - FIXED-LENGTH DATA ELEMENTS--GENERAL INFORMATION
fixed length control field 130711s2011####xx############000#0#und#d
020 ## - INTERNATIONAL STANDARD BOOK NUMBER
International Standard Book Number 9789279174872
040 ## - CATALOGING SOURCE
Original cataloging agency armpunfd
Transcribing agency armpunfd
080 ## - UNIVERSAL DECIMAL CLASSIFICATION NUMBER
Universal Decimal Classification number 341.17 (4) f 734
245 10 - TITLE STATEMENT
Title Doce lecciones sobre europa /
Statement of responsibility, etc Fontaine, Pascal.
260 ## - PUBLICATION, DISTRIBUTION, ETC. (IMPRINT)
Place of publication, distribution, etc Luxemburgo :
Name of publisher, distributor, etc Oficina de Publicaciones Oficiales de la Union Europea,
Date of publication, distribution, etc 2011.
300 ## - PHYSICAL DESCRIPTION
Extent 80 p. :
Other physical details Inc. Ilust. Graf. Maps ;
Dimensions 16,2 X 22,9 cm.
650 #7 - SUBJECT ADDED ENTRY--TOPICAL TERM
Topical term or geographic name as entry element Euro
Source of heading or term LEMB
650 #7 - SUBJECT ADDED ENTRY--TOPICAL TERM
Topical term or geographic name as entry element Mercado Unico
Source of heading or term LEMB
650 #7 - SUBJECT ADDED ENTRY--TOPICAL TERM
Topical term or geographic name as entry element Union Europea
Source of heading or term LEMB
942 ## - ADDED ENTRY ELEMENTS (KOHA)
Koha item type
Source of classification or shelving scheme
945 ## - LOCAL PROCESSING INFORMATION (OCLC)
a sa
d 2014-05-22
Holdings
Withdrawn status Lost status Source of classification or shelving scheme Damaged status Not for loan Home library Current library Shelving location Date acquired Total Checkouts Full call number Barcode Date last seen Date checked out Price effective from Koha item type
          Bib. Derecho Bib. Derecho Sala de Lectura 12/06/2014 1 341.17 (4) F 734 202731 07/09/2017 07/09/2017 12/06/2014 LIBRO

XHTML | CSS | ©Biblioteca Central - Dto. Tecnología de la Información - [ Con tecnología Koha ]